Macroeconomics : theories, policies, and international applications /
The macroeconomy. Measuring macroeconomic variables. Classical macroeconomic theory. The theory of economic growth. Essentials of the Keynesian system. Money in the traditional Keynesian system. Fiscal policy in the traditional Keynesian system. The Keynesian and monetarist views on price and output...
Na minha lista:
| Autor principal: | |
|---|---|
| Outros Autores: | |
| Formato: | Livro |
| Idioma: | English |
| Publicado em: |
Cincinnati, Ohio :
South-Western College/Thomson Learning,
2001.
|
| Edição: | 2nd ed. |
| Assuntos: | |
| Tags: |
Adicionar Tag
Sem tags, seja o primeiro a adicionar uma tag!
|
| Thư viện lưu trữ: | Mạng thư viện Đại học Đà Nẵng |
|---|
| LEADER | 01262cam a2200349 i 4500 | ||
|---|---|---|---|
| 001 | 000049358 | ||
| 003 | 9103 | ||
| 005 | 20030304104324.0 | ||
| 008 | 010316|2001 vm 000 eng | ||
| 020 | |a 0324007175 | ||
| 040 | |a IRC |c IRC |d IRC | ||
| 041 | 0 | |a eng | |
| 082 | 1 | 4 | |a 339 |b MI-R |
| 100 | 1 | |a Miller, Roger LeRoy. | |
| 245 | 0 | 0 | |a Macroeconomics : |b theories, policies, and international applications / |c Roger LeRoy Miller, David VanHoose. |
| 250 | |a 2nd ed. | ||
| 260 | |a Cincinnati, Ohio : |b South-Western College/Thomson Learning, |c 2001. | ||
| 300 | |a xxiv, 568 p. : |b ill. ; |c 24cm. | ||
| 520 | 3 | |a The macroeconomy. Measuring macroeconomic variables. Classical macroeconomic theory. The theory of economic growth. Essentials of the Keynesian system. Money in the traditional Keynesian system. Fiscal policy in the traditional Keynesian system. The Keynesian and monetarist views on price and output determination... | |
| 630 | 0 | 4 | |a Macroeconomics. |
| 650 | 0 | 4 | |a Macroeconomics. |
| 700 | 1 | |a VanHoose, David. | |
| OWN | |a DUT | ||
| 999 | |a From the UDN01 | ||
| TYP | |a Monograph | ||
| TYP | |a Printed language | ||
| 980 | |a Mạng thư viện Đại học Đà Nẵng | ||


